00622 2200241 4500001002100000005001700021008004100038035002400079082001000103090002000113100002000133245006200153250001100215260003600226300002500262650002200287700001700309850000900326980001500335985000600350986000900356999001500365YOGYA-0209000006847120090227092050.0 ind  0010-020900000068471 a671.2 a671.2bChi TlQ aCHIJIIWA, Kenji aTeknik pengecoran logamcoleh Tata Surdia, Kenji Chijiiwa aCet. 4 aJakartabPradnya Paramitac1982 a284 hlmbilusc26 cm aLogam, pengecoran aSurdia, Tata aBPAD a15-12-2008 a1 aRuni aP000023276